| 000 | 01389nam0a2200349 4500 | ||
|---|---|---|---|
| 001 | RU\NLR\BIBL_A\011690340 | ||
| 005 | 20180605144848.0 | ||
| 010 |
_a978-5-907035-23-2 _950 |
||
| 021 |
_aRU _bКН-П-18-022539 _9КН-П-18-1639 |
||
| 035 | _a(NLR Aleph) 011690340 | ||
| 035 | _a(RuMoRGB)009586087 | ||
| 090 |
_a11334283 _c11334283 |
||
| 100 | _a20180427d2017 u y0rusy50 ca | ||
| 101 | 0 |
_arus _aeng |
|
| 102 | _aRU | ||
| 105 | _aa|||zzzz000gy | ||
| 200 | 1 |
_aЗвуки лиры _e[сборник стихов] _fЮрий Деянов |
|
| 210 |
_aСаратов _cАмирит _d2017 |
||
| 215 |
_a431 с. _cил. _d21 |
||
| 300 | _aТекст рус., англ. | ||
| 320 | _aДр. произведения авт. в аннот. на обороте тит.л. | ||
| 327 | 1 | _aСодерж.: разделы: Поэзия размышления; Стихи о природе; Стихи о любви; Переводы; Басни; Катрены и афоризмы; Подражение японским стихам | |
| 686 |
_aШ5(2=Р)64-65я44 _2rubbk |
||
| 686 | 2 | _aШ6(2=Р)8-5 | |
| 700 | 1 |
_aДеянов _bЮ. А. _f1941- _gЮрий Алексеевич |
|
| 942 | _cBOOK | ||
| 980 | _aNBR | ||
| 980 | _aNB | ||